Online
Catalog

Kitâb Al-Wadiha : (Record no. 41045)

MARC details
000 -CABECERA
campo de control de longitud fija 00981nam a2200229 a 4500
001 - NÚMERO DE CONTROL
campo de control 000041555
005 - FECHA Y HORA DE LA ÚLTIMA TRANSACCIÓN
campo de control 20201002035634.0
008 - DATOS DE LONGITUD FIJA--INFORMACIÓN GENERAL
campo de control de longitud fija 131011s2002 sp 000 0 spa d
020 ## - NÚMERO INTERNACIONAL ESTÁNDAR DEL LIBRO
Número Internacional Estándar del Libro 8400081272
040 ## - FUENTE DE LA CATALOGACIÓN
Centro catalogador/agencia de origen DO-SdBNP
Lengua de catalogación spa
Centro/agencia transcriptor BNPHU
100 1# - ENTRADA PRINCIPAL--NOMBRE DE PERSONA
Nombre de persona Al-Malik, Abd
9 (RLIN) 68296
240 10 - TÍTULO UNIFORME
Título uniforme Kitab Al-Wadiha
Lenguaje de la obra Español-Arabe
245 10 - MENCIÓN DE TÍTULO
Título Kitâb Al-Wadiha :
Resto del título (tratado jurídico) : fragmentos estraídos del Muntajab al-ahkam de Ibn Abi Zamanin (m. 399/1008); Abd Al-Malik; introducción, edición crítica y traducción por María Arcas Campoy /
Mención de responsabilidad, etc. Ibn Baq; edición y estudio, Rachid El Hour.
246 31 - FORMA VARIANTE DE TÍTULO
Título propio/Titulo breve Tratado jurídico
260 ## - PUBLICACIÓN, DISTRIBUCIÓN, ETC.
Lugar de publicación, distribución, etc. Madrid, :
Nombre del editor, distribuidor, etc. Consejo Superior de Investigaciones Científicas,
Fecha de publicación, distribución, etc. 2002.
300 ## - DESCRIPCIÓN FÍSICA
Extensión 164, 126 p. ;
Dimensiones 24 cm.
490 1# - MENCIÓN DE SERIE
Mención de serie Fuentes Arábico-Hispanas
Designación de volumen o secuencia 27
504 ## - NOTA DE BIBLIOGRAFÍA, ETC.
Nota de bibliografía, etc. Bibliografía p: 159-164
546 ## - NOTA DE LENGUA/LENGUAJE
Nota de lengua/lenguaje Texto en Arabe (maltes) y traducido al español
700 1# - PUNTO DE ACCESO ADICIONAL--NOMBRE DE PERSONA
Nombre de persona Arcas Campoy, María
9 (RLIN) 68297
830 #0 - PUNTO DE ACCESO ADICIONAL DE SERIE-TÍTULO UNIFORME
Título uniforme Fuentes Arábico-Hispanas
Designación de volumen o secuencia 27
9 (RLIN) 65581
Holdings
Estado de retiro Estado de pérdida Restricciones de uso No para préstamo Código de colección Localización permanente Ubicación/localización actual Ubicación en estantería Fecha de adquisición Número de inventario Total de préstamos Signatura topográfica completa Código de barras Fecha visto por última vez Precio válido a partir de Tipo de ítem Koha
      Excluido de préstamo Monografías: Libros y Folletos General General En catalogación 11.10.2013 LF1   41555-10 25.06.2020 25.06.2020 No se presta

Powered by Koha